LEADER 00952nam a2200229 4500 001 000000362909 003 CaOOAMICUS 005 20250523163018.0 008 250523s1966 it a 000 u ita r 040 $aSeMil$bita 100 1 $aTosco, Uberto.$0(OLS)http://semarc/name/39109 245 10$aFiori nostri :$bmeraviglie della natura /$cUberto Tosco. 264 1$aNovara :$bIstituto Geografico De Agostini,$c1966. 300 $a158 p. :$bill. ;$c28 cm 650 4$aGiardini - Europa.$0(OLS)http://semarc/subject/12161 650 4$aFiori.$0(OLS)http://semarc/subject/22523 850 $aSeMil 852 $aSeMil$W1$xVenegono$y1$m3Z VI 5$j257468$B253792$CSeMilBibl$Z2$F253792 $81 961 $aCaspani don Pierpaolo - Omaggio 996 $6245$aFiori nostri :$bmeraviglie della natura$9(OLS)http://semarc/title/453923 996 $6264$aNovara :$bIstituto Geografico De Agostini$9(OLS)http://semarc/publisher/31865 LEADER 00892nam a2200205 i 4500 001 000000195161 003 CaOOAMICUS 005 20230710124224.0 008 101202n it u000 u ita u 040 $aSeMil$bita 245 10$a6: Trionfo e tragedia /$ctraduzione di Arturo Barone e Glauco Cambon. 300 $a870 p., [32] p. di tav. :$bill., ritr., c. geogr. ;$c24 cm. 700 1 $aCambon, Glauco,$d<1875-1930>.$0(OLS)http://semarc/name/16286 700 1 $aBarone, Arturo.$0(OLS)http://semarc/name/70823 773 0 $aChurchill, Winston <1874-1965>$tSeconda Guerra Mondiale.$dMilano : Mondadori, 1961.$g6$w()23975 850 $aSeMil 852 $aSeMil$W1$xVenegono$y1$m3V V 237$j242144$B145730$CSeMilBibl$Z2$F158344 $81 961 $aOmaggio: Grampa dott. Cesare 996 $6245$a6: Trionfo e tragedia$9(OLS)http://semarc/title/281496